00658 2200229 4500001002100000005001700021008004100038020002200079035002500101043001300126082001000139090002100149100002900170245007300199250001800272260003300290300002100323504003200344650001900376850001200395999002100407YOGYA-0611000000056520150928100800.0 ind  a978-979-756-704-0 a0010-061100000000565 aYOPD DIY a362.2 aDEP 362.2bAzi K aAZIZAH, Lilik Ma'rifatul aKeperawatan jiwabAplikasi praktik klinik /cLilik Ma rifatul Azizah aEd. 1, cet. 1 aYogyakartabGraha Ilmuc2011X a296 hlm.b23 cm. aBibliografi : hlm 295 - 296 aKesehatan jiwa aYOPDYOG aCB-D.11-2011-007